000 00701nam a2200289Ia 4500
005 20260324124048.0
008 008 260324s9999 xx 000 0 eng d
020 _a9781315570389
037 _aEBOOK
040 _aCRL
040 _beng
040 _cCRL
041 _2eng
041 _aeng
084 _qCRL
100 _aBritta Martens
_91120526
245 0 _aBrowning, Victorian Poetics and the Romantic Legacy
245 0 _bChallenging the Personal Voice
260 _bTaylor and Francis
260 _c2011
365 _a
365 _b240
856 _uhttp://www.taylorfrancis.com/books/9781315570389
942 _cEBOOK
999 _c1766770
_d1766770